[Event "vl-2324 MVP"]
[Site "MVP"]
[Date "2024.04.28"]
[Round "9.8"]
[White "Herde, Dittmar"]
[Black "Massloch, Philipp"]
[Result "1-0"]
[WhiteElo "1938"]
[BlackElo "1805"]
[PlyCount "83"]
[EventDate "2023.??.??"]
[EventType "team-tourn"]
[EventRounds "9"]
[EventCountry "GER"]
[WhiteTeam "SSC Rostock"]
[BlackTeam "SAV Torgelow"]
[WhiteTeamCountry "GER"]
[BlackTeamCountry "GER"]

1. d4 Nf6 2. c4 g6 3. Nc3 d5 4. e3 Bg7 5. Nf3 O-O 6. Bd3 dxc4 7. Bxc4 c5 8. O-O Nc6 9. d5 Na5 10. Bd3 Nxd5 11. Nxd5 Qxd5 12. Qc2 Nc6 13. Bc4 Nb4 14. Qb3 Qd6 15. Rd1 Qc7 16. Bd2 Nc6 17. Ng5 e6 18. Bc3 Bxc3 19. Qxc3 Qe5 20. f4 Qxc3 21. bxc3 a6 22. Rd6 Ne7 23. a4 Nf5 24. Rd3 b6 25. g4 Ne7 26. Rb1 Rb8 27. h3 Nc6 28. Rd6 Na5 29. Ba2 b5 30. f5 exf5 31. Bd5 fxg4 32. Rf1 h6 33. Nxf7 Kg7 34. Rff6 Bf5 35. hxg4 Bd3 36. e4 Bxe4 37. Bxe4 Rxf7 38. Rxg6+ Kf8 39. Bd5 Rg7 40. Rdf6+ Ke7 41. Re6+ Kf8 42. Rgf6+ 1-0

[Event "vl-2324 MVP"]
[Site "MVP"]
[Date "2024.04.28"]
[Round "9.1"]
[White "Simantsev, Mikhail"]
[Black "Teschke, Olaf"]
[Result "1-0"]
[WhiteElo "2371"]
[BlackElo "2215"]
[PlyCount "67"]
[EventDate "2023.??.??"]
[EventType "team-tourn"]
[EventRounds "9"]
[EventCountry "GER"]
[WhiteTeam "SF Schwerin II"]
[BlackTeam "Greifswalder SV"]
[WhiteTeamCountry "GER"]
[BlackTeamCountry "GER"]

1. d4 d5 2. c4 c6 3. Nc3 e6 4. e3 Bd6 5. Qc2 f5 6. Bd3 Na6 7. a3 Nc7 8. c5 Be7 9. Nf3 Nf6 10. O-O O-O 11. b4 Ne4 12. Ne2 Bd7 13. Ne5 Be8 14. f3 Ng5 15. Bd2 Nf7 16. a4 Nxe5 17. dxe5 a5 18. bxa5 Na6 19. Bxa6 Rxa6 20. Nd4 Bd7 21. Rab1 Qb8 22. f4 Bd8 23. Rb3 Qa7 24. Rfb1 Bc8 25. Nxe6 Bxe6 26. Rxb7 Bc8 27. Rxa7 Rxa7 28. Rb8 Bc7 29. Rb6 Ba6 30. Rxc6 Bc4 31. Rb6 g6 32. e6 Rc8 33. Qc3 Bd8 34. Qd4 1-0

[Event "vl-2324 MVP"]
[Site "MVP"]
[Date "2024.04.28"]
[Round "9.3"]
[White "Helms, Sven"]
[Black "Stopsack, Malte"]
[Result "1/2-1/2"]
[WhiteElo "1898"]
[BlackElo "2163"]
[PlyCount "45"]
[EventDate "2023.??.??"]
[EventType "team-tourn"]
[EventRounds "9"]
[EventCountry "GER"]
[WhiteTeam "SF Schwerin II"]
[BlackTeam "Greifswalder SV"]
[WhiteTeamCountry "GER"]
[BlackTeamCountry "GER"]

1. e4 c5 2. d4 cxd4 3. c3 e6 4. f4 d5 5. exd5 exd5 6. cxd4 Nc6 7. Nf3 Nf6 8. Bd3 Bg4 9. h3 Bxf3 10. Qxf3 Nxd4 11. Qe3+ Qe7 12. O-O Qxe3+ 13. Bxe3 Nc6 14. Re1 O-O-O 15. Nd2 Bb4 16. a3 d4 17. axb4 dxe3 18. Bf5+ Kb8 19. Nf3 Nd4 20. Nxd4 Rxd4 21. Rxe3 Rxf4 22. Rf1 Rxb4 23. Rf2 1/2-1/2

[Event "vl-2324 MVP"]
[Site "MVP"]
[Date "2024.04.28"]
[Round "9.5"]
[White "Popp, Michael"]
[Black "Hertel, Johannes"]
[Result "1/2-1/2"]
[WhiteElo "1958"]
[BlackElo "2039"]
[PlyCount "31"]
[EventDate "2023.??.??"]
[EventType "team-tourn"]
[EventRounds "9"]
[EventCountry "GER"]
[WhiteTeam "SF Schwerin II"]
[BlackTeam "Greifswalder SV"]
[WhiteTeamCountry "GER"]
[BlackTeamCountry "GER"]

1. e4 c5 2. Nc3 Nc6 3. Bb5 g6 4. Bxc6 bxc6 5. f4 Bg7 6. Nf3 d6 7. O-O Nh6 8. d3 O-O 9. Qe1 Rb8 10. Rb1 f6 11. Bd2 Qc7 12. Qh4 Nf7 13. g4 f5 14. gxf5 gxf5 15. Kf2 Kh8 16. Rg1 1/2-1/2

[Event "vl-2324 MVP"]
[Site "MVP"]
[Date "2024.04.28"]
[Round "9.7"]
[White "Fleischer, Matthias"]
[Black "Mildner, Jens"]
[Result "1/2-1/2"]
[WhiteElo "1856"]
[BlackElo "2107"]
[PlyCount "75"]
[EventDate "2023.??.??"]
[EventType "team-tourn"]
[EventRounds "9"]
[EventCountry "GER"]
[WhiteTeam "SF Schwerin II"]
[BlackTeam "Greifswalder SV"]
[WhiteTeamCountry "GER"]
[BlackTeamCountry "GER"]

1. d4 Nf6 2. Nf3 d5 3. Bg5 c6 4. e3 Bg4 5. Be2 e6 6. Nbd2 Be7 7. Bxf6 Bxf6 8. c3 Nd7 9. O-O Be7 10. e4 dxe4 11. Nxe4 O-O 12. Re1 Qc7 13. Ng3 Rad8 14. Ne5 Bxe2 15. Qxe2 Nxe5 16. Qxe5 Qxe5 17. Rxe5 Rd5 18. Rae1 Bf6 19. Rxd5 cxd5 20. Nh5 Be7 21. Nf4 Bd6 22. Nd3 Rc8 23. f4 g6 24. g4 Kg7 25. h4 h6 26. Kg2 h5 27. gxh5 gxh5 28. Kf3 Be7 29. Rg1+ Kf8 30. Ne5 Bxh4 31. Rh1 Bf6 32. Rxh5 Ke7 33. Ng4 Rg8 34. Rh6 Bg7 35. Rh7 Bf6 36. Rh6 Bg7 37. Rh7 Bf6 38. Rh6 1/2-1/2

[Event "vl-2324 MVP"]
[Site "MVP"]
[Date "2024.04.28"]
[Round "9.1"]
[White "Schamber, Dennis"]
[Black "Illgen, Alexander"]
[Result "1-0"]
[WhiteElo "1714"]
[BlackElo "2009"]
[PlyCount "83"]
[EventDate "2023.??.??"]
[EventType "team-tourn"]
[EventRounds "9"]
[EventCountry "GER"]
[WhiteTeam "Makkabi Rostock"]
[BlackTeam "VT Ludwigslust"]
[WhiteTeamCountry "GER"]
[BlackTeamCountry "GER"]

1. d4 Nf6 2. c4 d6 3. Nc3 g6 4. e4 Bg7 5. f3 O-O 6. Bg5 Nbd7 7. Qd2 Re8 8. O-O-O c6 9. g4 Qc7 10. Bh6 Bh8 11. h4 a6 12. h5 b5 13. hxg6 fxg6 14. Nh3 Rb8 15. Nf4 e5 16. dxe5 Nxe5 17. Qxd6 Qxd6 18. Rxd6 Nxf3 19. Rxc6 Nxg4 20. cxb5 Nfe5 21. Rc7 Nxh6 22. Rxh6 Bg7 23. Rh1 axb5 24. Bxb5 Rf8 25. Nfd5 Bg4 26. a4 h5 27. Ne7+ Kh7 28. Nc6 Nxc6 29. Rxc6 Rf2 30. Rc7 Kh6 31. Nd1 Rf4 32. Re1 Be5 33. Rc5 Bd6 34. Rc6 Bb4 35. Rg1 Rd8 36. Kc2 Rd2+ 37. Kb3 Rxe4 38. Nc3 Ba5 39. Nxe4 Rd4 40. Nc3 h4 41. Ne2 Re4 42. Bd3 1-0

[Event "vl-2324 MVP"]
[Site "MVP"]
[Date "2024.04.28"]
[Round "9.3"]
[White "Reznik, Leonid"]
[Black "Hasselmann, Dieter"]
[Result "0-1"]
[WhiteElo "1994"]
[BlackElo "2116"]
[PlyCount "62"]
[EventDate "2023.??.??"]
[EventType "team-tourn"]
[EventRounds "9"]
[EventCountry "GER"]
[WhiteTeam "Makkabi Rostock"]
[BlackTeam "VT Ludwigslust"]
[WhiteTeamCountry "GER"]
[BlackTeamCountry "GER"]

1. e4 c6 2. d4 d5 3. e5 Bf5 4. h4 h5 5. Nf3 e6 6. c4 Nd7 7. Nc3 dxc4 8. Bxc4 Nb6 9. Bd3 Bg4 10. O-O Bxf3 11. Qxf3 Qxd4 12. Re1 Qxh4 13. Bf4 Nh6 14. g3 Qh3 15. Bf1 Qg4 16. Qg2 Nf5 17. Rad1 h4 18. Be2 Qg6 19. g4 h3 20. Qh2 Bc5 21. Kh1 Nd4 22. f3 Nxe2 23. Rxe2 Nd5 24. Ne4 Be7 25. a3 O-O-O 26. Rc1 f5 27. exf6 gxf6 28. Bg3 f5 29. Nf2 f4 30. Bxf4 Nxf4 31. Qxf4 Bg5 0-1

[Event "vl-2324 MVP"]
[Site "MVP"]
[Date "2024.04.28"]
[Round "9.5"]
[White "Roeste, Stein"]
[Black "Hilpert, Andreas"]
[Result "1-0"]
[WhiteElo "1731"]
[BlackElo "1876"]
[PlyCount "167"]
[EventDate "2023.??.??"]
[EventType "team-tourn"]
[EventRounds "9"]
[EventCountry "GER"]
[WhiteTeam "Makkabi Rostock"]
[BlackTeam "VT Ludwigslust"]
[WhiteTeamCountry "GER"]
[BlackTeamCountry "GER"]

1. d4 Nf6 2. c4 e5 3. d5 Bc5 4. Nc3 d6 5. h3 a5 6. e4 h6 7. Bd3 Na6 8. a3 Bd7 9. Qe2 Qe7 10. Be3 Bxe3 11. Qxe3 Nc5 12. Bc2 O-O 13. Nge2 Nh7 14. O-O g5 15. g4 Kh8 16. Ng3 a4 17. Rab1 Rg8 18. f3 Nf8 19. h4 Nh7 20. h5 Ra6 21. Nb5 Rc8 22. Rfd1 Nf8 23. Rd2 Qe8 24. Nc3 Kg7 25. Nd1 Rca8 26. Qe2 Rb8 27. Ne3 b5 28. Ngf5+ Kh7 29. Bd3 Rab6 30. cxb5 Bxb5 31. Bxb5 Rxb5 32. Rc2 Rb3 33. Nc4 Qb5 34. Ne7 Nfd7 35. Nc6 Ra8 36. Kg2 Nb6 37. Nb4 Nxc4 38. Qxc4 Rb8 39. Rc3 Qxc4 40. Rxc4 Rb7 41. Rc3 Kg7 42. Rxb3 Nxb3 43. Rd1 Kf8 44. Rd3 Ke8 45. Rc3 Kd7 46. Kf2 Rb5 47. Rc6 Nc5 48. Ke2 Kc8 49. Kd2 Kb7 50. Kc2 Nb3 51. Rc3 Nd4+ 52. Kd2 Kb6 53. Ke3 Ra5 54. Nc6 Nxc6 55. Rxc6+ Kb7 56. Kd3 Rb5 57. Kc2 Rb3 58. Rc3 Rb5 59. Rc4 Ra5 60. Kc3 Ra6 61. Rb4+ Kc8 62. Kc4 Ra5 63. Rb5 Ra6 64. Kb4 c6 65. dxc6 Rxc6 66. Kxa4 Rc2 67. Rb3 Rd2 68. Rc3+ Kb7 69. b4 d5 70. exd5 Rxd5 71. Rc5 Rd3 72. Rxe5 Rxf3 73. Re8 Kc6 74. Rh8 Rf6 75. Ka5 Kb7 76. b5 Re6 77. Rh7 Rf6 78. a4 Ka7 79. b6+ Kb7 80. Rg7 Rf4 81. Kb5 Rxg4 82. Rxf7+ Kb8 83. a5 Rg1 84. Rf8+ 1-0

[Event "vl-2324 MVP"]
[Site "MVP"]
[Date "2024.04.28"]
[Round "9.6"]
[White "Wiemer, Juergen"]
[Black "Koepnick, Amanda"]
[Result "1-0"]
[WhiteElo "1978"]
[BlackElo "1355"]
[PlyCount "75"]
[EventDate "2023.??.??"]
[EventType "team-tourn"]
[EventRounds "9"]
[EventCountry "GER"]
[WhiteTeam "VT Ludwigslust"]
[BlackTeam "Makkabi Rostock"]
[WhiteTeamCountry "GER"]
[BlackTeamCountry "GER"]

1. e4 e5 2. Bc4 Nf6 3. d3 d5 4. exd5 Nxd5 5. Qf3 Be6 6. Nc3 Bb4 7. Bd2 Bxc3 8. Bxc3 Nc6 9. Ne2 O-O 10. Bb3 Nxc3 11. bxc3 Qd7 12. h3 Rab8 13. Qg3 Bf5 14. Rd1 Qe7 15. O-O Rbd8 16. f4 e4 17. d4 Na5 18. Qe3 Rd6 19. Ng3 Qd7 20. Nxf5 Qxf5 21. g4 Qd7 22. f5 Nxb3 23. cxb3 f6 24. Rf4 Re8 25. Rxe4 Rxe4 26. Qxe4 c5 27. d5 a5 28. c4 Qd8 29. Re1 Kf7 30. Qf4 Rd7 31. Re6 Re7 32. Qe3 Rxe6 33. fxe6+ Ke8 34. Qxc5 f5 35. d6 Qf6 36. d7+ Kd8 37. Qc8+ Ke7 38. d8=Q# 1-0

[Event "vl-2324 MVP"]
[Site "MVP"]
[Date "2024.04.28"]
[Round "9.2"]
[White "Pawlicz, Filip"]
[Black "Roehl, Rainer"]
[Result "1/2-1/2"]
[WhiteElo "1824"]
[BlackElo "1990"]
[PlyCount "95"]
[EventDate "2023.??.??"]
[EventType "team-tourn"]
[EventRounds "9"]
[EventCountry "GER"]
[WhiteTeam "SAV Torgelow II"]
[BlackTeam "SSC Graal-Mueritz"]
[WhiteTeamCountry "GER"]
[BlackTeamCountry "GER"]

1. e4 d6 2. d4 Nf6 3. Nc3 e5 4. Nf3 exd4 5. Nxd4 Be7 6. Bc4 O-O 7. f3 Nc6 8. Nxc6 bxc6 9. Be3 Nd7 10. Qd2 Ne5 11. Bb3 Ba6 12. O-O-O Nc4 13. Bxc4 Bxc4 14. g4 Qb8 15. f4 f6 16. b3 Bf7 17. f5 Qb4 18. Kb2 Rfb8 19. g5 a5 20. gxf6 Bxf6 21. Bd4 Bxd4 22. Qxd4 Qxd4 23. Rxd4 Re8 24. Ra1 g6 25. Rd3 Kg7 26. h4 Rg8 27. h5 Kf6 28. fxg6 hxg6 29. Rf3+ Ke7 30. hxg6 Rxg6 31. Raf1 Be6 32. Ne2 Rg4 33. Nf4 Rag8 34. a4 R8g5 35. Nh3 Rh5 36. Nf2 Rg2 37. Nd3 Rhh2 38. R1f2 Rxf2 39. Rxf2 Rxf2 40. Nxf2 c5 41. Kc3 Kf6 42. Kd3 Kg5 43. Ke3 c4 44. bxc4 Bxc4 45. Nd1 c5 46. Nc3 Kf6 47. Kf4 Ke6 48. Kf3 1/2-1/2

[Event "vl-2324 MVP"]
[Site "MVP"]
[Date "2024.04.28"]
[Round "9.5"]
[White "Moritz, Hartmut"]
[Black "Troemer, Felix"]
[Result "0-1"]
[WhiteElo "2034"]
[BlackElo "1753"]
[PlyCount "120"]
[EventDate "2023.??.??"]
[EventType "team-tourn"]
[EventRounds "9"]
[EventCountry "GER"]
[WhiteTeam "SSC Graal-Mueritz"]
[BlackTeam "SAV Torgelow II"]
[WhiteTeamCountry "GER"]
[BlackTeamCountry "GER"]

1. e4 c5 2. Nf3 e6 3. c3 b6 4. d4 d5 5. e5 Nc6 6. Bg5 Be7 7. Bxe7 Ngxe7 8. Bd3 Bd7 9. Na3 a6 10. Rc1 Ng6 11. O-O f5 12. Qd2 O-O 13. Bb1 Nh4 14. Nxh4 Qxh4 15. f4 Kh8 16. Rf3 Rac8 17. Nc2 Rg8 18. Rcf1 Qe7 19. Rg3 g6 20. a3 c4 21. Ne1 b5 22. Nf3 a5 23. Ng5 Rc7 24. Rh3 Rg7 25. Rh6 Nd8 26. Rf3 Nf7 27. Nxf7+ Qxf7 28. Rfh3 Qe7 29. Bc2 Rb7 30. R6h4 Be8 31. g4 b4 32. axb4 axb4 33. g5 bxc3 34. Qxc3 Qb4 35. b3 cxb3 36. Bxb3 Rgc7 37. Qe3 Ra7 38. Rf3 Ra1+ 39. Kg2 Re1 40. Qf2 Rec1 41. Rhh3 Ba4 42. Bxa4 Qxa4 43. Ra3 Qd1 44. Rhd3 Qh1+ 45. Kh3 R1c2 46. Rd2 R7c3+ 47. Rxc3 Rxc3+ 48. Kh4 Rf3 49. Qe2 Rxf4+ 50. Kg3 Rg4+ 51. Kh3 Rxg5 52. Rd1 Rg1 53. Rd3 Re1 54. Qf2 Qe4 55. Rg3 Kg7 56. Qd2 f4 57. Rc3 Re2 58. Qd3 Qg2+ 59. Kh4 Re3 60. Rc7+ Kh6 0-1

[Event "vl-2324 MVP"]
[Site "MVP"]
[Date "2024.04.28"]
[Round "9.7"]
[White "Jeske, Holger"]
[Black "Bollnow, Alex"]
[Result "0-1"]
[WhiteElo "1898"]
[BlackElo "1657"]
[PlyCount "132"]
[EventDate "2023.??.??"]
[EventType "team-tourn"]
[EventRounds "9"]
[EventCountry "GER"]
[WhiteTeam "SSC Graal-Mueritz"]
[BlackTeam "SAV Torgelow II"]
[WhiteTeamCountry "GER"]
[BlackTeamCountry "GER"]

1. Nh3 Nf6 2. f3 g6 3. e4 d6 4. Nf2 Bg7 5. d4 Nbd7 6. c3 O-O 7. g3 c6 8. Bg2 e5 9. O-O Nh5 10. dxe5 dxe5 11. Be3 Nb6 12. Qe2 Qc7 13. b3 Be6 14. c4 Rfd8 15. Na3 Qe7 16. Nc2 Nd7 17. Nd3 f5 18. Rad1 Rf8 19. Bc1 Rad8 20. Ba3 c5 21. Ne3 b6 22. Nd5 Qg5 23. Bc1 f4 24. g4 Nhf6 25. Ne7+ Kh8 26. h3 Nxe4 27. Nxg6+ Qxg6 28. Qxe4 Qxe4 29. fxe4 Bf6 30. Bb2 h6 31. Ne1 Nb8 32. Nf3 Nc6 33. Kh2 Nd4 34. Bxd4 cxd4 35. Ne1 Kh7 36. Nd3 Rc8 37. Rc1 Rf7 38. Rf2 Rfc7 39. Rfc2 Kg6 40. Bf3 Bg7 41. Kg2 Kf6 42. h4 a5 43. a4 Bd7 44. Bd1 Rg8 45. Kh2 Bf8 46. Rg2 Ke6 47. Bf3 Ba3 48. Rcg1 Bxa4 49. Ra1 Bxb3 50. Rxa3 Bxc4 51. Rb2 Rc6 52. Rc2 Rgc8 53. Nb2 Bb5 54. Rxc6+ Rxc6 55. Rb3 Ba6 56. Kh3 b5 57. g5 hxg5 58. hxg5 Rc3 59. Rxc3 dxc3 60. Nd3 b4 61. Nc1 c2 62. Bg4+ Ke7 63. g6 Bc4 64. g7 b3 65. Be2 Be6+ 66. Bg4 Bg8 0-1

[Event "vl-2324 MVP"]
[Site "MVP"]
[Date "2024.04.28"]
[Round "9.8"]
[White "Schmekel, Matthias"]
[Black "Mueggenburg, Rolf"]
[Result "1-0"]
[WhiteElo "1938"]
[BlackElo "1635"]
[PlyCount "67"]
[EventDate "2023.??.??"]
[EventType "team-tourn"]
[EventRounds "9"]
[EventCountry "GER"]
[WhiteTeam "SAV Torgelow II"]
[BlackTeam "SSC Graal-Mueritz"]
[WhiteTeamCountry "GER"]
[BlackTeamCountry "GER"]

1. e4 e5 2. Nf3 d6 3. d4 exd4 4. Nxd4 Be7 5. Nc3 Nf6 6. Bd3 O-O 7. O-O c5 8. Nb3 a6 9. a4 Be6 10. Qe2 Nc6 11. Bc4 Bxc4 12. Qxc4 Ne5 13. Qe2 Qc7 14. f4 Ng6 15. Be3 b6 16. Nd2 Rfe8 17. Rad1 Qb7 18. Nc4 Qc6 19. Qf3 Nh4 20. Qh3 Nxe4 21. Nd5 Ng6 22. Ncxb6 Bd8 23. Nxa8 Qxa8 24. Qd7 Nf6 25. Nxf6+ Bxf6 26. Bc1 Re2 27. Qg4 Qe4 28. c3 h5 29. Qf3 Qc2 30. Rde1 Rxe1 31. Rxe1 Qf5 32. Qe4 Qg4 33. h3 Qd7 34. Qe8+ 1-0